000 00286nam a2200121Ia 4500
008 190216s9999||||xx |||||||||||||| ||und||
100 _aRadhakrishnan C
245 0 _aThamaso Maa
260 _b"Hi Tech Books , Kochi"
_c1999
300 _a398p
650 _aMalayalam Novel
942 _cBK
999 _c27895
_d27895